000 00710nam a2200289Ia 4500
005 20260324141037.0
008 008 260324s9999 xx 000 0 eng d
020 _a9780203379516
037 _aEBOOK
040 _aCRL
040 _beng
040 _cCRL
041 _2eng
041 _aeng
084 _qCRL
100 _aPaul Komesaroff; Jeanne Daly; Philipa Rothfield
_91206705
245 0 _aReinterpreting Menopause
245 0 _bCultural and Philosophical Issues
260 _bTaylor and Francis
260 _c1997
365 _a
365 _b230
856 _uhttp://www.taylorfrancis.com/books/9780203379516
942 _cEBOOK
999 _c1809379
_d1809379